| 000 | 00363nam a2200157Ia 4500 | ||
|---|---|---|---|
| 008 | 220803s9999 xx 000 0 und d | ||
| 020 | _a0-333-46095-2 | ||
| 041 | _aeng | ||
| 082 | _a658 BAR | ||
| 100 |
_aBarbet H _910463 |
||
| 245 | _aPhilosophy | ||
| 260 |
_aLondon _bMacmillan _c1995 |
||
| 300 | _a427p | ||
| 500 | _aArchitecture | ||
| 650 |
_aManagement _910464 |
||
| 999 |
_c8969 _d8969 |
||